| 000 | 00395nam a2200169Ia 4500 | ||
|---|---|---|---|
| 008 | 210210b1952 xxu||||| |||| 00| 0 eng d | ||
| 041 | _aeng | ||
| 082 | _a825/8 | ||
| 100 | _aABERCROMBIE (L) | ||
| 245 | _aArt of wordsworth | ||
| 260 |
_aLondon _bOxford University Press _c1952 |
||
| 650 | _awordsworth | ||
| 650 | _aof | ||
| 650 | _aArt | ||
| 690 | _aEnglish Criticism | ||
| 906 | _a014326 | ||
| 999 |
_c133484 _d133484 |
||